La iglesia de Santa María en Lebeña / (Record no. 166512)
[ view plain ]
| 000 -LEADER | |
|---|---|
| campo de control de longitud fija | 00890nam a2200217 i 4500 |
| 001 - NÚMERO DE CONTROL | |
| campo de control | 166512 |
| 003 - IDENTIFICADOR DE NÚMERO DE CONTROL | |
| campo de control | ES-MaACL |
| 005 - FECHA Y HORA DE LA ÚLTIMA TRANSACCIÓN | |
| campo de control | 20250905162311.0 |
| 008 - DATOS DE LONGITUD FIJA--INFORMACIÓN GENERAL | |
| campo de control de longitud fija | 940301s1885 sp a |||| | spa d |
| 040 ## - FUENTE DE CATALOGACIÓN | |
| Centro catalogador/agencia de origen | AS |
| Lengua de catalogación | spa |
| 100 1# - ENTRADA PRINCIPAL--NOMBRE DE PERSONA | |
| Nombre de persona | Torres Campos, Rafael, |
| Fechas asociadas al nombre | 1853-1904 |
| 9 (RLIN) | 110935 |
| 245 13 - MENCIÓN DEL TÍTULO | |
| Título | La iglesia de Santa María en Lebeña / |
| Mención de responsabilidad, etc. | por R. Torres Campos ; con dibujos de Juan B. Lázaro. |
| 260 ## - PUBLICACIÓN, DISTRIBUCIÓN, ETC. | |
| Lugar de publicación, distribución, etc. | Madrid : |
| Nombre del editor, distribuidor, etc. | [s.n.], |
| Fecha de publicación, distribución, etc. | 1885 ( |
| Fabricante | Imprenta de Fortanet) |
| 300 ## - DESCRIPCIÓN FÍSICA | |
| Extensión | 53 p., [2] h. de lám. pleg. ; |
| Dimensiones | 19 cm. |
| 490 1# - MENCIÓN DE SERIE | |
| Mención de serie | Monumentos de la provincia de Santander |
| 650 #4 - PUNTO DE ACCESO ADICIONAL DE MATERIA--TÉRMINO DE MATERIA | |
| Término de materia o nombre geográfico como elemento de entrada | Iglesia de Santa María de Lebeña. |
| 9 (RLIN) | 136255 |
| 700 1# - ENTRADA AGREGADA--NOMBRE PERSONAL | |
| Nombre de persona | Lázaro, Juan Bautista, |
| Fechas asociadas al nombre | 1849-1919 |
| 9 (RLIN) | 129180 |
| 830 0# - PUNTO DE ACCESO ADICIONAL DE SERIE-TÍTULO UNIFORME | |
| Título uniforme | Monumentos de la provincia de Santander |
| 9 (RLIN) | 222557 |
| 852 ## - LOCALIZACIÓN | |
| Ubicación | ES-MaACL |
| Número de control de estantería | T-414-F-1 |
| Nota libre | -- Enc. hol., falto de la cub. original |
| -- | -- Enc. en un vol. facticio |
| Estatus retirado | Estado de pérdida | Estado de daño | No para préstamo | Colección | Biblioteca de origen | Biblioteca actual | Ubicación en estantería | Fecha de adquisición | Total de préstamos | Signatura topográfica completa | Código de barras | Visto por última vez | Precio de reemplazo | Tipo de ítem Koha |
|---|---|---|---|---|---|---|---|---|---|---|---|---|---|---|
| Colección de folletos | Biblioteca del Ateneo de Madrid | Biblioteca del Ateneo de Madrid | Depósito folletos | 17/01/2008 | T-414-F-1 | 1174640 | 23/02/2023 | 23/02/2023 | Folleto |
